Introducción al estudio del derecho (Registro nro. 64098)
[ vista simple ]
| 000 -ENCABEZADO | |
|---|---|
| Número de control [NR] | 00891nam a2200253Ia 4500 |
| 005 - FECHA Y HORA DE LA ÚLTIMA TRANSACCIÓN | |
| control field | 20211105120611.0 |
| 008 - DE LONGITUD FIJA DE DATOS DE ELEMENTOS - INFORMACIÓN GENERAL | |
| Elementos de longitud fija [NR] | 130821s2016 mx gr spa d |
| 020 ## - NUMERO INTERNACIONAL NORMALIZADO PARA LIBROS [R] | |
| Número Internacional Normalizado del libro [NR] | 9789700765970 (60a.Ed.) |
| 020 ## - NUMERO INTERNACIONAL NORMALIZADO PARA LIBROS [R] | |
| Número Internacional Normalizado del libro [NR] | 9786070913457 (65a.Ed.) |
| 040 ## - FUENTE DE CATALOGACION [NR] | |
| Agencia de catalogación original [NR] | Co-BoUCM |
| Idioma de catalogación [NR] | spa |
| Quien Cataloga | Sandra Palacio (modificó) |
| Quien Clasifica | [Nuevo] |
| 041 00 - CODIGO DE IDIOMA [R] | |
| Código de idioma para texto/pista de sonido o título separado [R] | Español |
| 100 1# - ASIENTO PRINCIPAL--NOMBRE PERSONAL [NR] | |
| Nombre personal [NR] | García Máynez, Eduardo |
| ID Autoridad | 89914 |
| 245 10 - MENCION DE TITULO [NR] | |
| Título [NR] | Introducción al estudio del derecho |
| Mención de responsabilidad, etc. [NR] | Eduardo García Máynez, prólogo Virgilio Domínguez |
| 250 ## - MENCION DE EDICION [NR] | |
| Mención de edición [NR] | 65a. ed. |
| 260 ## - PUBLICACION, DISTRIBUCION, ETC. (PIE DE IMPRENTA) [R] | |
| Lugar de publicación, distribución, etc. [R] | México D.F. (México) |
| Nombre del editor, distribuidor, etc. [R] | Editorial Porrua |
| Fecha de publicación, distribución, etc. [R] | 2016 |
| 300 ## - DESCRIPCION FISICA [R] | |
| Extensión [R] | xxix, 432 páginas |
| 650 17 - ASIENTO SECUNDARIO DE MATERIA - TERMINO TEMATICO [R] | |
| Término temático o nombre geográfico como elemento de entrada [NR] | Derecho natural |
| 9 (RLIN) | 12800 |
| 650 27 - ASIENTO SECUNDARIO DE MATERIA - TERMINO TEMATICO [R] | |
| Término temático o nombre geográfico como elemento de entrada [NR] | Derecho y ética |
| 9 (RLIN) | 12843 |
| 650 27 - ASIENTO SECUNDARIO DE MATERIA - TERMINO TEMATICO [R] | |
| Término temático o nombre geográfico como elemento de entrada [NR] | Filosofía del derecho |
| 9 (RLIN) | 15792 |
| 650 27 - ASIENTO SECUNDARIO DE MATERIA - TERMINO TEMATICO [R] | |
| Término temático o nombre geográfico como elemento de entrada [NR] | Teoría del derecho |
| 9 (RLIN) | 25308 |
| 700 1# - ASIENTO SECUNDARIO - NOMBRE PERSONAL [R] | |
| Nombre personal [NR] | Domínguez, Virgilio |
| 9 (RLIN) | 89915 |
| 942 ## - ELEMENTOS DE ENTRADA AGREGADOS (KOHA) | |
| Tipo de ítem principal el descrito en 300a | Libro |
| Tema principal | Derecho |
| Edición | 65 |
| Parte restante de la signatura top. | G17 |
| Sistema de clasificación | DEWEY |
| Clasificación | 340.1 |
| Fecha de último préstamo | Total préstamos | Signatura topográfica | Código de barras | Última vez visto | Volúmen / Fascículo | Ejemplar | Price effective from | Tipo de ítem | Perdido | Sistema de clasificación | Dañado | No prestable | Tipo de ítem específico | Suprimido | Ubicación habitual | Ubicación actual | Localización | Fecha de creación | Forma de adquisición | Costo | Total Renewals | Costo de reposición | Proveedor |
|---|---|---|---|---|---|---|---|---|---|---|---|---|---|---|---|---|---|---|---|---|---|---|---|
| 17/08/2023 | 53 | 340.1 G17 | 100034606 | 10/06/2026 | 5a. Ed. | Ej.1 | 03/02/2013 | Libro | DEWEY | Libro | Claustro | Claustro | 3er piso | 28/02/2003 | Compra | 3300.00 | |||||||
| 17/08/2023 | 60 | 340.1 G17 | 100015773 | 10/06/2026 | 28a. Ed. | Ej.1 | 03/02/2013 | Libro | DEWEY | Libro | Claustro | Claustro | 3er piso | 28/02/2003 | Compra | 592.00 | |||||||
| 15/06/2022 | 37 | 340.1 G17 | 100065060 | 10/06/2026 | 51a. Ed. | Ej.1 | 03/02/2013 | Libro | DEWEY | Libro | Claustro | Claustro | 3er piso | 28/02/2003 | Compra | 49300.00 | 10 | ||||||
| 27/09/2019 | 126 | 340.1 G17 | 100065061 | 10/06/2026 | 51a. Ed. | Ej.2 | 03/02/2013 | Libro | DEWEY | Libro | Claustro | Claustro | 3er piso | 28/02/2003 | Compra | 49300.00 | 6 | ||||||
| 09/08/2021 | 9 | 340.1 G17 | 100102595 | 03/12/2025 | 60a.Ed. | Ej.2 | 03/02/2013 | Libro | DEWEY | Libro | Claustro | Claustro | 3er piso | 28/02/2013 | Compra | 149500.00 | |||||||
| 04/02/2019 | 64 | 340.1 G17 | 100102596 | 03/12/2025 | 60a.Ed. | Ej.1 | 03/02/2013 | Libro | DEWEY | Libro | Claustro | Claustro | 3er piso | 28/02/2013 | Compra | 149500.00 | 19 | ||||||
| 08/02/2023 | 4 | 340.1 G17 | 100155674 | 03/12/2025 | 65a.Ed. | Ej.1 | 20/11/2017 | Libro de reserva | DEWEY | Libro de reserva | Claustro | Claustro | 3er piso | 20/11/2017 | Compra | 114304.00 | 114304.00 | 15 | |||||
| 07/07/2022 | 5 | 340.1 G17 | 100155675 | 03/12/2025 | 65a.Ed. | Ej.2 | 20/11/2017 | Libro | DEWEY | Libro | Claustro | Claustro | 3er piso | 20/11/2017 | Compra | 120322.00 | 5 | 120322.00 | 15 |